〈Minecraft〉16種類の色クイズ - Statistics

General Stats
  • This quiz has been taken 532 times
  • The average score is 14 of 16
Answer Stats
入手方法の例 色名 % Correct
ポピーやバラの低木からクラフト
100%
ラピスラズリまたはヤグルマギクからクラフト
100%
タンポポまたはヒマワリからクラフト
98%
イカスミまたはウィザーローズからクラフト
97%
骨粉またはスズランからクラフト
96%
サボテンまたはシーピクルスを製錬
96%
染料の組み合わせ
93%
染料の組み合わせ
91%
染料の組み合わせ 黄緑
87%
染料の組み合わせ桜色の花びらなどからクラフト
85%
染料の組み合わせ橙色のチューリップなどからクラフト
83%
カカオ豆からクラフト
75%
染料の組み合わせ ヒスイランからクラフト
72%
染料の組み合わせアリウムまたはライラックからクラフト 赤紫
69%
染料の組み合わせヒナソウなどからクラフト 薄灰
67%
染料の組み合わせ ウツボカズラからクラフト 青緑
52%
No matching quizzes found
Score Distribution
Percent of People with Each Score
Percentile by Number Answered
Your Score History
You have not taken this quiz